000 00633nam a2200205Ia 4500
003 GCL
005 20240530095409.0
008 140319s9999 xx 000 0 ara d
040 _aGCL /
_cGCL
082 0 4 _a813.02
_bط/ك ج
100 1 _aكامل كيلانى
245 1 0 _aليلة المهرجان /
_cكامل كيلانى
260 _aالقاهرة :
_bالهيئة المصرية العامة للكتاب
300 _a14 ص ؛
_c24 سم
490 _aجحا قال0000 يااطفال
_v0
650 0 4 _aقصص الاطفال
650 0 4 _aالاساطير
650 0 4 _aالقصص الفكاهية
942 _2ddc
_cBK
999 _c6822
_d6822